000 00649nam a2200253Ia 4500
005 20260429112304.0
008 260429s9999||||xx |||||||||||||| ||und||
020 _a9781032248882
041 _aEnglish
082 _a910.285
_bLOV
100 _aLovelace, Robin
245 0 _aGeo computation with R /
_cRobin Lovelace
250 _a2nd ed.
260 _aBoca Raton :
_bCRC Press,
_c2025.
300 _axix, 399 p.; pbk
440 _aThe R series
650 _a GIS
650 _a R programming
650 _a Spatial analysis
650 _aGeocomputation
700 _a Muenchow, Jannes
700 _a Nowosad, Jakub
942 _cTB
999 _c53330
_d53330